| 000 | 00580nam a2200229Ia 4500 | ||
|---|---|---|---|
| 003 | OSt | ||
| 005 | 20220928144036.0 | ||
| 006 | a|||||r|||| 00| 0 | ||
| 007 | ta | ||
| 008 | 220927b |||||||| |||| 00| 0 eng d | ||
| 024 | _a23724 | ||
| 037 | _cTextual | ||
| 040 |
_aSDCL _cSDCL _beng |
||
| 041 |
_2eng _aeng |
||
| 082 | _aG:424-55, N4 | ||
| 100 |
_aPrasad A B _9506463 |
||
| 245 | 0 | _aMicrobes and environment. | |
| 260 | _c1994 | ||
| 700 |
_a Bilgrami R S _9506464 |
||
| 942 |
_hG:424-55, N4 _cTEXL _2CC |
||
| 999 |
_c825669 _d825669 |
||